How Business Storytelling Works (Record no. 41455)

MARC details
000 -LEADER
fixed length control field 00364nam a2200133Ia 4500
008 - FIXED-LENGTH DATA ELEMENTS--GENERAL INFORMATION
fixed length control field 240719s9999 xx 000 0 und d
041 ## - LANGUAGE CODE
Language code of text/sound track or separate title eng
082 ## - DEWEY DECIMAL CLASSIFICATION NUMBER
Classification number 658.452 DAS
100 ## - MAIN ENTRY--PERSONAL NAME
Personal name Das, Sandeep
245 ## - TITLE STATEMENT
Title How Business Storytelling Works
260 ## - PUBLICATION, DISTRIBUTION, ETC.
Place of publication, distribution, etc. London
Name of publisher, distributor, etc. PENGUIN BUSINESS
Date of publication, distribution, etc. 2023
300 ## - PHYSICAL DESCRIPTION
Extent 247; p. 22 cm
520 ## - SUMMARY, ETC.
Summary, etc. Faculty purchase by Dr. S. Maheswaran
Holdings
Withdrawn status Lost status Damaged status Not for loan Home library Current library Shelving location Date acquired Source of acquisition Cost, normal purchase price Full call number Barcode Date last seen Price effective from Koha item type
        IMTN IMTN Rack 33-A 04/10/2023 Amazon 246.00 658.452 DAS 33150 07/19/2024 06/08/2023 Books
Designed & Maintained by: LRC IMT Nagpur Contact: lrc@imtnag.ac.in© 2024. All Rights Reserved.